Statistics for Premier League Teams

Click here to take the quiz!

General Stats

  • This quiz has been taken 13 times
  • The average score is 3 of 22

Answer Stats

Teams:% Correct
Arsenal F.C.
85%
Chelsea F.C.
46%
Liverpool F.C.
46%
Brentford F.C.
15%
Everton F.C.
15%
Leeds United
15%
Southampton F.C.
15%
Watford F.C.
15%
Brighton & Hove Albion F.C.
8%
Burnley F.C.
8%
Crystal Palace F.C.
8%
Fulham F.C.
8%
Leicester City F.C.
8%
Manchester City F.C.
8%
Manchester United F.C.
8%
Newcastle United F.C.
8%
Norwich City F.C.
8%
Tottenham Hotspur F.C.
8%
West Ham United F.C.
8%
Wolverhampton Wanderers F.C.
8%
Aston Villa F.C.
0%
Shetfield United F.C.
0%

Score Distribution

Percentile by Number Answered

Percent of People with Each Score

Your Score History

You have not taken this quiz